000 01154nam a2200325 u 4500
001 000003558
003 DO-SdBNP
005 20220901095849.0
007 ta
008 090710s1998 sp r 000 0 spa d
020 _a8449305519
040 _aDO-SdBNP
_bspa
_cBNPHU
082 4 _a371.5
_bC965d
_222
245 0 0 _aUna cuestión de disciplina :
_bpedagogía y poder en los estudios culturales /
_ccompiladores Joyce E. Canaan y Debbie Epstein
260 _aBarcelona :
_bPaidós,
_c1998.
300 _a270 p. ;
_c22 cm.
490 1 _aPaidós educador
_v133
500 _aIncluye sumario y notas al pie de las páginas
534 _aTítulo original: A question of discipline. Pedagogy, power, and the teaching of cultural studies
590 _aInventariado, 2022 / DG
650 4 _aDisciplina escolar
_910993
650 4 _aCultura
_xEnseñanza superior
_910994
650 4 _aCultura popular
_xEnseñanza superior
_910995
700 1 _aCanaan, Joyce E.,
_ccomp.
_910996
700 1 _aEpstein, Debbie,
_ccomp.
_910997
700 1 _aPardo Riaño, Cruz,
_ctr.
_910998
830 0 _aPaidós educador
_910999
_n133
910 _aDG
942 _2ddc
_cLBS1
999 _c3383
_d3383